Waligóra, Grzegorz. Ruch Obrony Praw Człowieka i Obywatela 1977-1981. - Warszawa. - 2006 [Rezension]
| Titel: | Waligóra, Grzegorz. Ruch Obrony Praw Człowieka i Obywatela 1977-1981. - Warszawa. - 2006 [Rezension] |
|---|---|
| Verfasser: | |
| In: |
Dzieje najnowsze, Band 41, Heft 2 (2009), Seite 238-242 alle Artikel anzeigen |
| Veröffentlicht: | 2009 |
| Format: | Aufsatz |
| Sprache: | Polnisch |
X
alg: 39510680
001A $01999:12-11-16
001B $01999:04-08-21 $t21:04:59.000
001D $01999:12-11-16
001U $0utf8
001X $00
002@ $0Aox
003@ $039510680X
007A $039510680X $aHEB
007T $0Herda26306h
010@ $apol
011@ $a2009
021A $aWaligóra, Grzegorz. Ruch Obrony Praw Człowieka i Obywatela 1977-1981. - Warszawa. - 2006 [Rezension]
028A $aTurek $dWojciech
031A $d41 $e2 $h238-242 $j2009
039B $aIn $8--Abvc--. Dzieje najnowsze. - Warszawa {[u.a.] : DiG, 1969-. - ISSN 0419-8824 $x200900000410002762 $9047599731
039T $8--Aax--Waligóra, Grzegorz [Tp3]. Ruch Obrony Praw Człowieka i Obywatela 1977-1981. - Warszawa, 2006 $9395638747
045F $a900.9438 $eDDC23BSB
045F/01 $a900
045F/03 $g438
045T $a8
lok: 39510680 78
exp: 39510680 78 1 #EPN
201B/01 $018-11-16 $t13:45:57.000
201U/01 $0utf8
203@/01 $0791405443
208@/01 $a12-11-16 $be
209A/01 $a/ $f000 $x00
220C/01 $aHerkunft: PBB/IH PAN
244Z/01 $2Trx $#Poola $#Lenkija $#Polija $#Polen Land $#Poland $#Lengyelország $#Poľsko $#Polsko $8--Trx--Polska$gkraj $x01 $9391345966
244Z/01 $2Trx $#arvustused $#recenzijos $#Reviews $#recenziók $#recenzje $#recenzie $#recenze $8--Trx--Rezensionen $x02 $9391357441
247C/01 $82080>Marburg/Lahn, Herder-Institut, Forschungsbibliothek, Bibliographieportal $9336309341
| LEADER | 00000caa a22000002c 4500 | ||
|---|---|---|---|
| 001 | 39510680X | ||
| 003 | DE-603 | ||
| 005 | 20210804210459.0 | ||
| 007 | tu | ||
| 008 | 161112s2009 xx |||| | u00||u|pol c | ||
| 035 | |a (DE-599)HEB39510680X | ||
| 040 | |a DE-603 |b ger |c DE-603 |d DE-603 | ||
| 041 | |a pol | ||
| 082 | 0 | 4 | |8 1\u |a 900.9438 |q DE-101 |2 23/BSB |
| 084 | |a 8 |2 ssgn | ||
| 085 | |8 1\u |b 900 | ||
| 085 | |8 1\u |z 2 |s 438 | ||
| 100 | 1 | |a Turek, Wojciech | |
| 245 | 0 | 0 | |a Waligóra, Grzegorz. Ruch Obrony Praw Człowieka i Obywatela 1977-1981. - Warszawa. - 2006 [Rezension] |
| 264 | 0 | |c 2009 | |
| 773 | 0 | 8 | |i In |t Dzieje najnowsze |d Warszawa [u.a.] : DiG, 1969- |x 0419-8824 |g Band 41, Heft 2 (2009), Seite 238-242 |w (DE-603)047599731 |w (DE-600)418852-4 |
| 787 | 0 | 8 | |i Rezension von |a Waligóra, Grzegorz |t Ruch Obrony Praw Człowieka i Obywatela 1977-1981 |d Warszawa, 2006 |w (DE-603)395638747 |
| 924 | 0 | |9 2080 |a (DE-603)791405443 |b DE-2080 |c HES |d d |g / | |


